Statistics for Science A-Z

Click here to take the quiz!

General Stats

  • This quiz has been taken 270 times
  • The average score is 16 of 26

Answer Stats

HintAnswer% Correct
H:Most abundant element in the universeHydrogen
94%
M: The galaxy in which Earth is locatedMilky Way
91%
J: A unit of energyJoule
90%
F: Molecular formula of ironFe
85%
S: Sodium chloride's more commonly known nameSalt
84%
P: What plants use chlorophyll for Photosynthesis
83%
C: Graphite and diamonds are both allotropes of thisCarbon
82%
I: Type of rock formed in cooling magmaIgneous
81%
Z: The scientific study of animal behaviours and classificationZoology
71%
N: A system in the body that sends electric pulses to the brainNervous system
70%
W: the SI unit of power, equivalent to one joule per secondWatt
69%
R: If a person carries a gene but does not express it, the gene isRecessive
65%
X: One of the noble gasesXenon
65%
D: DNA stands forDeoxyribonucleic acid
63%
E: Discovered by Benjamin Franklin in 1752Electricity
62%
T: Material commonly used for light bulb filamentsTungsten
60%
Q: Another name for silicon dioxideQuartz
49%
Y: Percentage of the expected amount of quantity produced by an experimentYield
49%
L: A type of fat commonly found in dairy productsLipid
43%
V: Metal with an atomic number of 23Vanadium
42%
B: The variety of plant and animal life in the worldBiodiversity
40%
O: Any of a number of structures within a living cellOrganelle
35%
U: In RNA, what is the complementary base to adenineUracil
31%
A: An invertebrate animal such as an insect or crustaceanArthropod
29%
G: A complex of vesicles and folded membranes within the cytoplasm of cellsGolgi body
23%
K: A disease caused by the presence of an extra X chromosome in malesKlinefelter's Syndrome
11%

Score Distribution

Percentile by Number Answered

Percent of People with Each Score

Your Score History

You have not taken this quiz